[Event "12. Sueder Sommerpokal"]
[Site "Recklinghausen"]
[Date "2001.08.11"]
[Round "8"]
[White "Blayvas, Jan"]
[Black "Kloss, Detlev"]
[Result "1-0"]
[WhiteElo "1912"]
[BlackElo "2119"]
[PlyCount "93"]

1. d4 Nf6 2. c4 d6 3. Nc3 g6 4. e4 Bg7 5. Be2 O-O 6. Nf3 c5 7. d5 Nbd7 8. O-O
a6 9. a4 Ne8 10. Bg5 h6 11. Bh4 Ne5 12. Ne1 g5 13. Bg3 Ng6 14. Bg4 Bxg4 15.
Qxg4 Nf6 16. Qe2 Nd7 17. Rc1 Nde5 18. b3 Nf4 19. Bxf4 gxf4 20. Nd3 Ng6 21. Qg4
Qc8 22. Qh5 Kh7 23. Ne2 e5 24. g3 f5 25. f3 fxg3 26. Nxg3 Ne7 27. Nf2 f4 28.
Ne2 Qe8 29. Qh3 Bf6 30. Kh1 Bg5 31. Rg1 Rg8 32. Rg4 Rg6 33. Rcg1 Kg7 34. Qf1
Kf6 35. h4 Qh8 36. Nh3 Kf7 37. hxg5 hxg5 38. Kg2 Rh6 39. Nxg5+ Kf6 40. Rh1 Rg8
41. Rxh6+ Qxh6 42. Nh3 Rxg4+ 43. fxg4 Qh4 44. Nf2 Ng6 45. Qh1 Qg5 46. Kf1 Nh4
47. Ng1 1-0

[Event "12. Sueder Sommerpokal"]
[Site "Recklinghausen"]
[Date "2001.08.11"]
[Round "8"]
[White "Banik, Thorsten"]
[Black "Denig, Friedrich"]
[Result "1-0"]
[WhiteElo "2117"]
[BlackElo "1664"]
[PlyCount "47"]

1. d4 d5 2. g3 Nf6 3. Bg2 e6 4. Nf3 Be7 5. O-O O-O 6. c4 dxc4 7. Ne5 c5 8. dxc5
Bxc5 9. Nxc4 Nbd7 10. Nc3 a6 11. Bf4 Nh5 12. Bd6 Bxd6 13. Qxd6 Rb8 14. Rfd1
Nhf6 15. Rac1 b5 16. Ne5 Rb6 17. Nc6 Qe8 18. e4 Kh8 19. e5 Ng4 20. Qd4 Nh6 21.
g4 Bb7 22. Ne2 Qa8 23. Qxd7 Nxg4 24. Qc7 1-0

[Event "12. Sueder Sommerpokal"]
[Site "Recklinghausen"]
[Date "2001.08.11"]
[Round "8"]
[White "Schreck, Roland"]
[Black "Otto, Michael"]
[Result "1-0"]
[WhiteElo "2109"]
[BlackElo "1796"]
[PlyCount "63"]

1. g3 d5 2. Bg2 Nf6 3. d3 e5 4. Nf3 Bd6 5. O-O h6 6. c4 c6 7. cxd5 cxd5 8. Nc3
O-O 9. Nb5 Nc6 10. Nxd6 Qxd6 11. a3 Re8 12. b4 a6 13. Nd2 Bg4 14. h3 Bh5 15.
Nb3 Rad8 16. g4 Bg6 17. Nc5 Re7 18. f4 a5 19. Be3 axb4 20. axb4 b6 21. f5 d4
22. fxg6 bxc5 23. bxc5 Qc7 24. Bxh6 Nxg4 25. hxg4 gxh6 26. gxf7+ Rxf7 27. Rxf7
Kxf7 28. Qb3+ Kg7 29. Qe6 Nb4 30. Be4 Qd7 31. Qg6+ Kh8 32. Qxh6+ 1-0

[Event "12. Sueder Sommerpokal"]
[Site "Recklinghausen"]
[Date "2001.08.11"]
[Round "8"]
[White "Bischof, Rainer"]
[Black "Jittenmeier, Franz"]
[Result "1-0"]
[WhiteElo "2081"]
[BlackElo "1902"]
[PlyCount "80"]

1. d4 g6 2. Nf3 Bg7 3. e3 d6 4. Be2 Nf6 5. O-O O-O 6. c4 c6 7. Nc3 Nbd7 8. b4
e5 9. a4 Re8 10. Qb3 e4 11. Nd2 Qe7 12. Ba3 b6 13. Rac1 c5 14. Nb5 cxd4 15.
Nxd4 Ne5 16. c5 Bg4 17. c6 Bxe2 18. Nxe2 Nd3 19. Rc2 d5 20. b5 Qe5 21. h3 Qc7
22. Nc1 Ne5 23. Bb2 Rad8 24. Bxe5 Qxe5 25. Ne2 Qc7 26. Rd1 g5 27. Nf1 h5 28.
Nd4 Re5 29. Rcd2 h4 30. Nh2 g4 31. Nxg4 Nxg4 32. hxg4 Rg5 33. Nf5 Rxg4 34. Rxd5
Rxd5 35. Rxd5 h3 36. g3 Kh7 37. Kh2 Rg6 38. Nxg7 Rxg7 39. Rh5+ Kg8 40. Qd5 Qe7
1-0

[Event "12. Sueder Sommerpokal"]
[Site "Recklinghausen"]
[Date "2001.08.11"]
[Round "8"]
[White "Bramkamp, Rainer"]
[Black "Hahn, Matthias"]
[Result "1-0"]
[WhiteElo "2191"]
[BlackElo "1932"]
[PlyCount "83"]

1. d4 e6 2. Nf3 Nf6 3. g3 d5 4. Bg2 Be7 5. O-O O-O 6. c4 c6 7. Qc2 Nbd7 8. b3
b6 9. Rd1 Bb7 10. Nc3 Qc7 11. Bf4 Bd6 12. Bxd6 Qxd6 13. e4 Nxe4 14. Nxe4 dxe4
15. Qxe4 Nf6 16. Qe2 c5 17. Qe5 Qxe5 18. dxe5 Ng4 19. h3 Nh6 20. g4 Rfd8 21.
Ng5 Bxg2 22. Kxg2 g6 23. Ne4 Kg7 24. Rd6 Rxd6 25. Nxd6 Kf8 26. Rd1 Rd8 27. Rd2
Ke7 28. Kf3 Ng8 29. Ke3 Kf8 30. Nb5 Rxd2 31. Kxd2 a5 32. Nd6 Ne7 33. f4 h6 34.
Ke3 Kg7 35. Ne8+ Kf8 36. Nf6 Nc8 37. Ke4 Kg7 38. Ne8+ Kf8 39. Nf6 Kg7 40. Nd7
g5 41. f5 Kg8 42. f6 1-0

[Event "12. Sueder Sommerpokal"]
[Site "Recklinghausen"]
[Date "2001.08.11"]
[Round "8"]
[White "Montignies, Rainer"]
[Black "Sondermann, Dirk"]
[Result "1/2-1/2"]
[WhiteElo "1901"]
[BlackElo "2171"]
[PlyCount "63"]

1. e4 e6 2. d4 d5 3. Nc3 Bb4 4. e5 c5 5. a3 Ba5 6. Nf3 cxd4 7. Nxd4 Nc6 8. f4
Nxd4 9. Qxd4 Bd7 10. Bd2 Ne7 11. Nb5 Bxd2+ 12. Qxd2 Bxb5 13. Bxb5+ Nc6 14. Bd3
Qb6 15. b3 Rc8 16. Qf2 Qxf2+ 17. Kxf2 O-O 18. Ke3 f6 19. exf6 Rxf6 20. Rhf1 Nb8
21. c4 Nd7 22. cxd5 exd5 23. Rac1 Rfc6 24. Rxc6 bxc6 25. Kd4 g6 26. f5 g5 27.
Re1 Kf7 28. b4 c5+ 29. bxc5 Nxc5 30. Re5 Nxd3 31. Kxd3 Rb8 32. Kc3 1/2-1/2

[Event "12. Sueder Sommerpokal"]
[Site "Recklinghausen"]
[Date "2001.08.11"]
[Round "8"]
[White "Konietzka, Lutz"]
[Black "Reinhold, Klaus"]
[Result "1/2-1/2"]
[WhiteElo "2160"]
[BlackElo "1931"]
[PlyCount "80"]

1. Nf3 d5 2. g3 Nf6 3. Bg2 c6 4. O-O Bg4 5. d3 e6 6. b3 Bd6 7. Bb2 Nbd7 8. Nbd2
O-O 9. c4 Qe7 10. a3 a5 11. Qc2 e5 12. e4 d4 13. h3 Bxf3 14. Nxf3 c5 15. Nh4 g6
16. Bc1 Nh5 17. Bh6 Ng7 18. a4 Rfe8 19. Qd2 Nb8 20. Rae1 Nc6 21. Bg5 Qc7 22. f4
Be7 23. Bxe7 Qxe7 24. f5 Qd6 25. Rf2 Rac8 26. Ref1 Rc7 27. Bf3 Nb4 28. Bg4 b6
29. Kh2 Ra7 30. Kg2 Rc7 31. Be2 Ra7 32. Bd1 Rc7 33. Bg4 Ra7 34. Kg1 Kh8 35. Be2
Kg8 36. Bg4 Rc7 37. Kh1 Ra7 38. Kh2 Rc7 39. Kg2 Ra7 40. Kg1 Rc7 1/2-1/2

[Event "12. Sueder Sommerpokal"]
[Site "Recklinghausen"]
[Date "2001.08.11"]
[Round "8"]
[White "Barskij, Aleksandr"]
[Black "Jungbluth, Rolf"]
[Result "1/2-1/2"]
[WhiteElo "1859"]
[BlackElo "2156"]
[PlyCount "43"]

1. e4 c5 2. Nf3 Nc6 3. d4 cxd4 4. Nxd4 Nf6 5. Nc3 e5 6. Ndb5 d6 7. Bg5 a6 8.
Na3 Be6 9. Nc4 b5 10. Ne3 Be7 11. Bxf6 Bxf6 12. Ncd5 Bg5 13. c3 O-O 14. Bd3 g6
15. O-O Ne7 16. c4 Bxd5 17. Nxd5 Nxd5 18. cxd5 Qb6 19. Qg4 Bf6 20. Qf3 Kg7 21.
Rac1 Rac8 22. Qe3 1/2-1/2

[Event "12. Sueder Sommerpokal"]
[Site "Recklinghausen"]
[Date "2001.08.11"]
[Round "8"]
[White "Rebber, Christian"]
[Black "Wachovius, Hans-Werner"]
[Result "1/2-1/2"]
[WhiteElo "2154"]
[BlackElo "1824"]
[PlyCount "118"]

1. e4 e6 2. Nf3 d5 3. exd5 exd5 4. d4 Nc6 5. Be2 Bd6 6. O-O Nge7 7. b3 Bg4 8.
Bb2 O-O 9. Nbd2 Re8 10. h3 Bh5 11. Re1 Bg6 12. a3 Bf4 13. c4 Qd7 14. b4 Bxd2
15. Qxd2 dxc4 16. Bxc4 Nd5 17. Bb5 Rxe1+ 18. Rxe1 Re8 19. Ne5 Qe6 20. Nd3 Qc8
21. Bxc6 bxc6 22. Rc1 Qf5 23. Ne5 Nf4 24. Re1 Qg5 25. Ng4 Be4 26. Bc1 f5 27.
Qxf4 Qxf4 28. Bxf4 fxg4 29. hxg4 Kf7 30. f3 Bd5 31. Rxe8 Kxe8 32. Bxc7 Kd7 33.
Be5 g6 34. Kf2 Ke6 35. Ke3 a6 36. Kf4 Bb3 37. Kg5 Kf7 38. g3 Bc2 39. Kf4 Ke6
40. Ke3 Bb3 41. Kd2 Ba4 42. Bg7 Bb3 43. Kd3 Bd5 44. f4 Ba2 45. Kc3 Bd5 46. Be5
Ba2 47. a4 Bd5 48. b5 cxb5 49. axb5 axb5 50. Kb4 Bc4 51. Kc5 Bd3 52. d5+ Kd7
53. g5 Be2 54. Bc3 Bf3 55. Kd4 Ke7 56. Ke5 Bg4 57. Bb4+ Kf7 58. Kd6 Ke8 59. Ke5
Kf7 1/2-1/2

[Event "12. Sueder Sommerpokal"]
[Site "Recklinghausen"]
[Date "2001.08.11"]
[Round "8"]
[White "Diebig, Klaus"]
[Black "Klueting, Reiner"]
[Result "1-0"]
[WhiteElo "1849"]
[BlackElo "2131"]
[PlyCount "57"]

1. d4 Nf6 2. c4 e5 3. dxe5 Ne4 4. Nf3 Nc6 5. g3 d6 6. exd6 Bxd6 7. Nbd2 Bf5 8.
a3 Qf6 9. Bg2 O-O-O 10. O-O h6 11. Ra2 g5 12. b4 Rhe8 13. Bb2 Qg6 14. Nxe4 Bxe4
15. Qc1 f5 16. c5 Be5 17. Nxe5 Nxe5 18. Bxe4 fxe4 19. Bxe5 Rxe5 20. Rd2 Rde8
21. e3 h5 22. Qc4 h4 23. Qd4 a6 24. Rfd1 Kb8 25. Qd7 R5e7 26. Qg4 hxg3 27. Rd8+
Ka7 28. Qc8 gxf2+ 29. Kf1 1-0

[Event "12. Sueder Sommerpokal"]
[Site "Recklinghausen"]
[Date "2001.08.11"]
[Round "8"]
[White "Mittelbachert, Ulrich"]
[Black "Verfuerth, Christian"]
[Result "1-0"]
[WhiteElo "2086"]
[BlackElo "1807"]
[PlyCount "51"]

1. Nf3 f5 2. d3 d6 3. e4 Nf6 4. exf5 Bxf5 5. d4 g6 6. Bd3 Bg4 7. Nbd2 c6 8. O-O
Qa5 9. c3 Na6 10. b4 Qh5 11. b5 Nc7 12. bxc6 bxc6 13. Qa4 Bd7 14. Re1 Bg7 15.
Qb3 e6 16. Ba3 Bf8 17. Qb7 Kd8 18. Rab1 g5 19. Nf1 Qe8 20. c4 c5 21. dxc5 Bc6
22. Qb2 Bg7 23. cxd6 Nh5 24. Ne5 Nf4 25. Qb8+ Rxb8 26. Rxb8# 1-0

[Event "12. Sueder Sommerpokal"]
[Site "Recklinghausen"]
[Date "2001.08.11"]
[Round "8"]
[White "Wuertele, Armin"]
[Black "Czarnik, Josef"]
[Result "1/2-1/2"]
[WhiteElo "1834"]
[BlackElo "2068"]
[PlyCount "101"]

1. Nf3 f5 2. g3 Nf6 3. Bg2 g6 4. d4 Bg7 5. c4 O-O 6. O-O c6 7. Nc3 d6 8. d5 e5
9. dxe6 Bxe6 10. Bf4 Bxc4 11. Bxd6 Re8 12. Be5 Nbd7 13. Bf4 Kh8 14. Nd2 Bg8 15.
Nb3 Ne5 16. Qxd8 Raxd8 17. Na5 Nd5 18. Nxb7 Rb8 19. Nd6 Re6 20. Bxe5 Bxe5 21.
Nc4 Bxc3 22. bxc3 Rxe2 23. Na5 Nxc3 24. Nxc6 Rbb2 25. Bf3 Red2 26. Nxa7 Bc4 27.
Rfc1 Ne2+ 28. Bxe2 Bxe2 29. Rab1 Rxb1 30. Rxb1 Rxa2 31. Nc6 Bf3 32. Ne5 Be4 33.
Rc1 Kg7 34. Rc7+ Kf6 35. f4 Rg2+ 36. Kf1 Rxh2 37. g4 Rh1+ 38. Kf2 fxg4 39. Nd7+
Kf5 40. Nf8 Kxf4 41. Rf7+ Bf5 42. Nxh7 g3+ 43. Kg2 Rh2+ 44. Kg1 Ke3 45. Ng5 Rh5
46. Re7+ Kf4 47. Ne6+ Ke5 48. Ng7+ Kf6 49. Nxh5+ gxh5 50. Re3 h4 51. Rxg3
1/2-1/2

[Event "12. Sueder Sommerpokal"]
[Site "Recklinghausen"]
[Date "2001.08.11"]
[Round "8"]
[White "Beyer, Thomas"]
[Black "Kotlar, Alfred"]
[Result "1-0"]
[WhiteElo "1682"]
[BlackElo "2057"]
[PlyCount "80"]

1. f4 d5 2. b3 c5 3. e3 Nc6 4. Nf3 Nf6 5. Be2 e6 6. O-O Be7 7. Ne5 Qc7 8. Bb2
O-O 9. d3 Rd8 10. Nd2 a6 11. Nxc6 Qxc6 12. Qe1 b5 13. Qg3 Ne8 14. e4 Ra7 15. e5
Rc7 16. Rf2 c4 17. bxc4 dxc4 18. Ne4 Qb6 19. Bc1 Bb7 20. Be3 Qa5 21. f5 exf5
22. Rxf5 Bxe4 23. dxe4 Bf8 24. Raf1 Qa3 25. Qf4 Bc5 26. Bxc5 Qxc5+ 27. Kh1 Qe7
28. Qg3 Qe6 29. Bg4 Qg6 30. h4 Re7 31. Qf3 f6 32. exf6 gxf6 33. Bh5 Qh6 34. e5
Rxe5 35. Rxe5 fxe5 36. Qf7+ Kh8 37. Qe7 Nf6 38. Qxd8+ Ng8 39. Bg4 Qe3 40. Be6
Qg3 1-0

[Event "12. Sueder Sommerpokal"]
[Site "Recklinghausen"]
[Date "2001.08.11"]
[Round "8"]
[White "Herud, Martin"]
[Black "Leveikina, Jevgenija"]
[Result "1-0"]
[WhiteElo "1800"]
[BlackElo "2021"]
[PlyCount "73"]

1. e4 e5 2. Nf3 Nc6 3. Bc4 Bc5 4. c3 Nf6 5. d4 exd4 6. cxd4 Bb4+ 7. Nc3 Nxe4 8.
O-O Bxc3 9. bxc3 d5 10. Ba3 dxc4 11. Re1 f5 12. Nd2 Kf7 13. Nxe4 fxe4 14. d5
Ne7 15. Rxe4 Re8 16. Qf3+ Nf5 17. Qh5+ g6 18. Qxh7+ Ng7 19. Rae1 Rxe4 20. Rxe4
Bf5 21. Re7+ Qxe7 22. Bxe7 Kxe7 23. Qxg7+ Kd6 24. g4 Bd3 25. h4 Re8 26. h5 gxh5
27. gxh5 Re1+ 28. Kh2 Rf1 29. Qf7 Ra1 30. h6 Rxa2 31. Kg3 Rc2 32. f4 a5 33. f5
Bxf5 34. Qxf5 Rxc3+ 35. Kf2 Rd3 36. h7 Rxd5 37. Qf4+ 1-0

[Event "12. Sueder Sommerpokal"]
[Site "Recklinghausen"]
[Date "2001.08.11"]
[Round "8"]
[White "Shalimov, Vitalij"]
[Black "van Winsen, Joost"]
[Result "1/2-1/2"]
[WhiteElo "1409"]
[BlackElo "1800"]
[PlyCount "47"]

1. d4 c5 2. Nf3 cxd4 3. Nxd4 d5 4. g3 e5 5. Nf3 Nc6 6. Bg2 Nf6 7. Bg5 Be7 8.
Nh4 Be6 9. Nf3 Qb6 10. b3 Ne4 11. Be3 d4 12. Bd2 O-O 13. O-O Rfd8 14. Qe1 Rac8
15. Nxe5 Nxd2 16. Nxc6 Rxc6 17. Qxd2 Bb4 18. Qd1 Rc7 19. a3 Be7 20. a4 a5 21.
Na3 Bxa3 22. Rxa3 Rdc8 23. Be4 Bh3 24. Re1 1/2-1/2

[Event "12. Sueder Sommerpokal"]
[Site "Recklinghausen"]
[Date "2001.08.11"]
[Round "8"]
[White "Ackermann, Frank"]
[Black "Fuhrmann, Marc Andre"]
[Result "0-1"]
[WhiteElo "1961"]
[BlackElo "1616"]
[PlyCount "100"]

1. d4 d5 2. Nf3 Nf6 3. c4 c6 4. Nc3 e6 5. Bg5 Be7 6. e3 O-O 7. Bd3 Nbd7 8. Qc2
dxc4 9. Bxc4 Nd5 10. Bxe7 Qxe7 11. O-O Nxc3 12. bxc3 c5 13. Qe4 Nf6 14. Qh4 b6
15. Bd3 h6 16. Ne5 Bb7 17. a4 cxd4 18. cxd4 Nd5 19. Qxe7 Nxe7 20. a5 Nc6 21.
Be4 Nxa5 22. Rxa5 Bxe4 23. Ra3 Rfc8 24. f3 Bb7 25. Rfa1 a6 26. Nd7 Rc6 27. Rb1
b5 28. Nc5 Rc7 29. Rba1 Bc8 30. Ra5 Rca7 31. Kf2 Kf8 32. e4 Ke7 33. e5 f5 34.
f4 Rb8 35. Ke3 Rba8 36. h3 Kd8 37. Kd3 Kc7 38. g4 g6 39. gxf5 gxf5 40. Rg1 Kb6
41. Ra2 Bb7 42. Rg6 Bd5 43. Ra1 Re7 44. Rag1 a5 45. Rxh6 a4 46. Kc2 b4 47. Kb1
b3 48. Ka1 Kb5 49. h4 Kc4 50. Rhg6 Kc3 0-1

[Event "12. Sueder Sommerpokal"]
[Site "Recklinghausen"]
[Date "2001.08.11"]
[Round "8"]
[White "Lutz, Juergen"]
[Black "Arfert, Peter"]
[Result "1-0"]
[WhiteElo "1941"]
[BlackElo "1469"]
[PlyCount "83"]

1. e4 c5 2. Nf3 Nc6 3. d4 cxd4 4. Nxd4 g6 5. Be3 Bg7 6. Nc3 Nf6 7. Nxc6 bxc6 8.
e5 Ng8 9. f4 e6 10. Ne4 Bf8 11. Qd2 f6 12. Rd1 fxe5 13. fxe5 Qh4+ 14. Nf2 Bh6
15. g3 Bxe3 16. Qxe3 Qb4+ 17. c3 Qb6 18. Qd2 Qa5 19. Qf4 Ne7 20. Ne4 Nf5 21. g4
Kd8 22. gxf5 gxf5 23. Ng5 Kc7 24. Bc4 Qc5 25. b4 Qe7 26. Nf3 Bb7 27. a4 a6 28.
a5 Rag8 29. h3 Rg7 30. Be2 h6 31. Qd4 Kb8 32. Qb6 Qd8 33. Qxd8+ Rxd8 34. Kf2
Kc7 35. Rhg1 Rdg8 36. Rxg7 Rxg7 37. Rg1 Rh7 38. Ke3 d6 39. Kd4 d5 40. Kc5 Bc8
41. Nd4 Kb7 42. Rg6 1-0

[Event "12. Sueder Sommerpokal"]
[Site "Recklinghausen"]
[Date "2001.08.11"]
[Round "8"]
[White "Boemelburg, Juergen"]
[Black "Wagner, Ralf"]
[Result "0-1"]
[WhiteElo "1778"]
[BlackElo "2089"]
[PlyCount "58"]

1. e4 e6 2. d4 d5 3. Nc3 Nf6 4. Bg5 Bb4 5. Nge2 h6 6. Bxf6 Qxf6 7. e5 Qd8 8. a3
Be7 9. Nf4 c5 10. dxc5 Bxc5 11. Qg4 Qg5 12. Qxg5 hxg5 13. Nd3 Be7 14. Nb5 Kd7
15. O-O-O b6 16. Nb4 a6 17. Nd4 Kc7 18. Be2 Nd7 19. Nd3 Nc5 20. f3 f6 21. Nxc5
bxc5 22. exf6 Bxf6 23. Nb3 c4 24. Na1 Bd7 25. c3 Rab8 26. Nc2 Rb6 27. Rd2 Be5
28. h3 Bf4 29. Rhd1 Rhb8 0-1

[Event "12. Sueder Sommerpokal"]
[Site "Recklinghausen"]
[Date "2001.08.11"]
[Round "8"]
[White "Niebius, Norbert"]
[Black "Nebel, Rudi"]
[Result "1-0"]
[WhiteElo "2028"]
[BlackElo "1640"]
[PlyCount "45"]

1. e4 c5 2. Nc3 e6 3. g3 a6 4. Bg2 Qc7 5. f4 d6 6. Nf3 Nc6 7. O-O Nf6 8. d3 Be7
9. h3 Bd7 10. Be3 h6 11. Qd2 O-O-O 12. a3 d5 13. Bf2 d4 14. Ne2 e5 15. b4 cxb4
16. fxe5 Nxe5 17. Nxe5 Qxe5 18. Bxd4 Qc7 19. axb4 Kb8 20. Be3 Ka8 21. e5 Ne8
22. Rxa6+ Kb8 23. Ba7+ 1-0

[Event "12. Sueder Sommerpokal"]
[Site "Recklinghausen"]
[Date "2001.08.11"]
[Round "8"]
[White "Wormuth, Marcus"]
[Black "Hellbing, Bernd"]
[Result "1/2-1/2"]
[WhiteElo "1911"]
[BlackElo "1756"]
[PlyCount "81"]

1. e4 e6 2. g3 d5 3. e5 c5 4. Bg2 Nc6 5. f4 Nge7 6. Nf3 h5 7. d3 Nf5 8. c3 d4
9. Qe2 Be7 10. c4 h4 11. g4 h3 12. gxf5 hxg2 13. Qxg2 Bh4+ 14. Ke2 Ne7 15. Nxh4
Rxh4 16. f6 gxf6 17. exf6 Ng6 18. Qg5 Qd6 19. Kd1 Bd7 20. Re1 O-O-O 21. Na3
Rdh8 22. Nb5 Bxb5 23. cxb5 R8h5 24. Qg1 Rxh2 25. Bd2 Qd5 26. Rc1 b6 27. Kc2 Rg2
28. Qf1 Rhh2 29. Red1 Rf2 30. Qg1 Rhg2 31. Qh1 Qxa2 32. Qh7 e5 33. f5 Nf4 34.
Qh8+ Kc7 35. Qe8 Rxd2+ 36. Rxd2 Rxd2+ 37. Kxd2 Qxb2+ 38. Rc2 Qb4+ 39. Kd1 Qb1+
40. Kd2 Qb4+ 41. Kd1 1/2-1/2

[Event "12. Sueder Sommerpokal"]
[Site "Recklinghausen"]
[Date "2001.08.11"]
[Round "8"]
[White "Thimm, Gerd"]
[Black "Manthei, Michael"]
[Result "1-0"]
[WhiteElo "1634"]
[BlackElo "1874"]
[PlyCount "81"]

1. d4 g6 2. c3 Bg7 3. e4 e6 4. Nf3 h6 5. Be3 d5 6. Nbd2 Nd7 7. Bd3 b6 8. exd5
exd5 9. Bb5 Ne7 10. O-O O-O 11. Re1 c6 12. Bd3 Re8 13. Nf1 Nf8 14. Ng3 f5 15.
Bf4 Ne6 16. Be5 Ng5 17. h4 Nf7 18. Qd2 Kh7 19. Bxg7 Kxg7 20. Ne2 Ng8 21. Nf4
Nf6 22. Rxe8 Qxe8 23. Re1 Ne4 24. Qe2 Bd7 25. h5 g5 26. Ng6 Qe6 27. Nfe5 Re8
28. Qc2 Qd6 29. Nxf7 Kxf7 30. f3 Ng3 31. Rxe8 Kxe8 32. Ne5 Ke7 33. Qa4 Qc7 34.
Qc2 Kf6 35. c4 Qd6 36. Qf2 f4 37. cxd5 cxd5 38. Nxd7+ Qxd7 39. Bg6 Qa4 40. b3
Qxd4 41. Qxd4+ 1-0

[Event "12. Sueder Sommerpokal"]
[Site "Recklinghausen"]
[Date "2001.08.11"]
[Round "8"]
[White "Uenlue, Murat"]
[Black "Lueder, Thomas"]
[Result "1-0"]
[WhiteElo "1672"]
[BlackElo "1836"]
[PlyCount "35"]

1. e4 c5 2. Nf3 b6 3. d4 cxd4 4. Nxd4 Bb7 5. Bd3 g6 6. O-O Bg7 7. c3 Nc6 8. Be3
Nf6 9. Nd2 O-O 10. f4 Nxd4 11. cxd4 d5 12. e5 Ne8 13. f5 Nc7 14. Qg4 Ba6 15.
Bxa6 Nxa6 16. Qh4 Re8 17. Rf3 f6 18. Rh3 1-0

[Event "12. Sueder Sommerpokal"]
[Site "Recklinghausen"]
[Date "2001.08.11"]
[Round "8"]
[White "Steinhagen, Dietrich"]
[Black "Grofig, Patrick"]
[Result "1/2-1/2"]
[WhiteElo "1819"]
[BlackElo "1719"]
[PlyCount "99"]

1. d4 Nf6 2. Nf3 g6 3. Bf4 Bg7 4. Nbd2 d6 5. e4 O-O 6. Bc4 c5 7. c3 cxd4 8.
cxd4 Nc6 9. Qe2 Bg4 10. Nb3 d5 11. exd5 Nxd5 12. Be3 Nb6 13. Rd1 Bxf3 14. gxf3
Nxc4 15. Qxc4 e6 16. O-O Na5 17. Qb4 Nxb3 18. Qxb3 Qd5 19. Qxd5 exd5 20. Rc1
Rac8 21. Rc5 Rxc5 22. dxc5 d4 23. Bf4 Re8 24. Rd1 Re2 25. Rd2 Rxd2 26. Bxd2 d3
27. b3 Kf8 28. Kf1 Ke8 29. Ke1 Kd7 30. Kd1 Kc6 31. Be3 Bc3 32. a3 Kd5 33. c6
bxc6 34. Bxa7 c5 35. Bb6 h5 36. a4 g5 37. h3 f5 38. a5 Kc6 39. Bd8 g4 40. fxg4
fxg4 41. hxg4 hxg4 42. a6 Bd4 43. Kd2 Bxf2 44. Kxd3 g3 45. Ke2 Bd4 46. Kf3 Be5
47. Be7 Bb8 48. Bxc5 Kxc5 49. a7 Bxa7 50. Kxg3 1/2-1/2

[Event "12. Sueder Sommerpokal"]
[Site "Recklinghausen"]
[Date "2001.08.11"]
[Round "8"]
[White "Meyer, Juergen"]
[Black "Diebig, Maja"]
[Result "1-0"]
[WhiteElo "1801"]
[BlackElo "1612"]
[PlyCount "61"]

1. b3 d5 2. Bb2 Nc6 3. e3 Nf6 4. Nf3 g6 5. Bxf6 exf6 6. Bb5 Bd7 7. O-O Bg7 8.
Nc3 a6 9. Bxc6 Bxc6 10. Nd4 Qd7 11. Rc1 O-O 12. Qf3 Rad8 13. a4 b6 14. Nxc6
Qxc6 15. Ne2 Qd6 16. d4 c5 17. dxc5 bxc5 18. Rfd1 f5 19. Nf4 d4 20. exd4 cxd4
21. c4 Rfe8 22. g3 Bh6 23. c5 Qb8 24. c6 Bxf4 25. Qxf4 Qxb3 26. c7 Rc8 27. Qxd4
Qb7 28. Qd6 Kg7 29. Qd4+ Kg8 30. Qd7 h5 31. Qxe8+ 1-0

[Event "12. Sueder Sommerpokal"]
[Site "Recklinghausen"]
[Date "2001.08.11"]
[Round "8"]
[White "Stepa, Rainer"]
[Black "Hoffmann, Mathias"]
[Result "1-0"]
[WhiteElo "1793"]
[BlackElo "1306"]
[PlyCount "93"]

1. Nf3 Nf6 2. d4 g6 3. Nbd2 Bg7 4. e4 d6 5. c3 O-O 6. Bd3 c6 7. O-O e5 8. dxe5
dxe5 9. Nc4 Nbd7 10. Nd6 Qe7 11. Bc4 Nc5 12. Ng5 Be6 13. Bxe6 Nxe6 14. Nxe6
Qxe6 15. Nxb7 Nxe4 16. Qe2 Nd6 17. Nc5 Qe7 18. Be3 Nf5 19. Na4 Nxe3 20. Qxe3
Rab8 21. Rad1 Rb5 22. c4 Ra5 23. b3 Rd8 24. Rd2 Rxd2 25. Qxd2 Ra6 26. Rd1 Bf6
27. Qd6 Kf8 28. Qxe7+ Kxe7 29. Kf1 Ra5 30. f3 Bg5 31. Ke2 f5 32. Kd3 Ke6 33.
Kc3 e4 34. Kb4 Re5 35. fxe4 fxe4 36. Kc3 Rf5 37. Kd4 e3 38. Nc5+ Kf7 39. Ne4
Bh6 40. Nd6+ Kf6 41. Nxf5 gxf5 42. Kd3 Ke5 43. Ke2 Bf4 44. Rd7 h5 45. h3 Ke4
46. Rxa7 Be5 47. Rh7 1-0

[Event "12. Sueder Sommerpokal"]
[Site "Recklinghausen"]
[Date "2001.08.11"]
[Round "8"]
[White "Becker, Peter"]
[Black "Hoecker, Horst"]
[Result "0-1"]
[WhiteElo "1730"]
[BlackElo "1506"]
[PlyCount "48"]

1. e4 c5 2. c3 d5 3. exd5 Qxd5 4. d4 e6 5. Nf3 Nc6 6. Be2 cxd4 7. cxd4 Nf6 8.
O-O a6 9. Nc3 Qd8 10. Bg5 Be7 11. Re1 O-O 12. a3 b5 13. b4 Bb7 14. Qd3 Nd5 15.
Bxe7 Ncxe7 16. Ng5 Nf5 17. Nce4 Nf4 18. Qb1 h6 19. g4 hxg5 20. gxf5 exf5 21.
Ng3 Nh3+ 22. Kf1 Qd5 23. f3 Qxd4 24. Nh1 Qg1# 0-1

[Event "12. Sueder Sommerpokal"]
[Site "Recklinghausen"]
[Date "2001.08.11"]
[Round "8"]
[White "Schreck, Peter"]
[Black "Guennewig, Hans-Norbert"]
[Result "1-0"]
[WhiteElo "1621"]
[BlackElo "2037"]
[PlyCount "92"]

1. Nf3 Nf6 2. b3 g6 3. Bb2 Bg7 4. e3 O-O 5. d4 d6 6. Bd3 e5 7. dxe5 Ng4 8. O-O
Nd7 9. Nbd2 Ngxe5 10. Nxe5 dxe5 11. Bc4 Kh8 12. Ba3 c5 13. Ne4 Qa5 14. Bb2 Nb6
15. Bc3 Qa3 16. Bb5 a6 17. Be2 Be6 18. Qd6 Bf5 19. Bxe5 Bxe4 20. Bxg7+ Kxg7 21.
Qe5+ Kg8 22. Qxe4 Rab8 23. Bd3 Rfe8 24. Qg4 Rbc8 25. h4 c4 26. bxc4 Qc3 27. h5
Nxc4 28. hxg6 hxg6 29. Qd7 Ne5 30. Qxb7 Nxd3 31. cxd3 Qxd3 32. Rfd1 Qe2 33. Rd7
Rc2 34. Rxf7 Qh5 35. Qb3 Rb2 36. Qxb2 Kxf7 37. Qb7+ Re7 38. Qxa6 Rd7 39. Qc4+
Kg7 40. Qc3+ Kh7 41. Qc2 Qe5 42. Rd1 Rc7 43. Qa4 Qg7 44. Qh4+ Kg8 45. Rd8+ Kf7
46. Qf4+ Qf6 1-0

[Event "12. Sueder Sommerpokal"]
[Site "Recklinghausen"]
[Date "2001.08.11"]
[Round "8"]
[White "Bembennek, Ralf"]
[Black "Biendara, Michael"]
[Result "1-0"]
[WhiteElo "1590"]
[BlackElo "1912"]
[PlyCount "71"]

1. e4 e6 2. d4 c5 3. c3 d5 4. e5 Nc6 5. Nf3 h6 6. Bd3 Bd7 7. Be3 cxd4 8. cxd4
Qb6 9. Nbd2 Rc8 10. a3 Nge7 11. O-O Nf5 12. Nb3 Be7 13. Rc1 Nxe3 14. fxe3 O-O
15. Bb1 Na5 16. Nxa5 Qxa5 17. Qd3 g6 18. b4 Qb6 19. Qd2 Kg7 20. h4 h5 21. Ng5
Qd8 22. Rxc8 Qxc8 23. Qd3 Bxg5 24. hxg5 Qc4 25. Qd2 Bb5 26. Re1 Rc8 27. Qf2 Qc7
28. Qf6+ Kh7 29. Kf2 Kg8 30. Rh1 Qd8 31. Qf4 Kg7 32. g4 Qe7 33. gxh5 gxh5 34.
Rxh5 Rc1 35. Rh7+ Kg8 36. Qh4 1-0

[Event "12. Sueder Sommerpokal"]
[Site "Recklinghausen"]
[Date "2001.08.11"]
[Round "8"]
[White "Lietz, Werner"]
[Black "Lauche, Christoph"]
[Result "0-1"]
[WhiteElo "1587"]
[BlackElo "1785"]
[PlyCount "70"]

1. e4 c5 2. Nc3 Nc6 3. Nf3 e5 4. Nd5 d6 5. d3 h6 6. Be2 Nf6 7. c4 Be7 8. Nxe7
Qxe7 9. a3 O-O 10. O-O Ne8 11. Bd2 f5 12. b4 f4 13. b5 Nd8 14. Bc3 g5 15. Nd2
Nf6 16. h3 Ne6 17. Bg4 Ng7 18. f3 h5 19. Bxc8 Raxc8 20. a4 Ne6 21. Nb1 Rf7 22.
Be1 Rg7 23. Nc3 Kh8 24. Nd5 Nxd5 25. exd5 Nd4 26. Bf2 Nf5 27. Qe2 Rcg8 28. Qe4
Qf6 29. Kh1 g4 30. Rg1 gxh3 31. gxh3 Ng3+ 32. Bxg3 Rxg3 33. Rxg3 Rxg3 34. Kh2
Qg6 35. Qe2 Rxh3+ 0-1

[Event "12. Sueder Sommerpokal"]
[Site "Recklinghausen"]
[Date "2001.08.11"]
[Round "8"]
[White "Lautenschuetz, Ludger"]
[Black "Hebestreit, Andreas"]
[Result "0-1"]
[WhiteElo "1582"]
[BlackElo "1776"]
[PlyCount "74"]

1. d4 Nf6 2. c4 g6 3. Nc3 Bg7 4. e4 d6 5. Nf3 O-O 6. Be2 e5 7. d5 a5 8. O-O Na6
9. a3 Nc5 10. Qc2 Nh5 11. Ne1 Nf4 12. Nd3 Nxe2+ 13. Qxe2 Nb3 14. Rb1 Nxc1 15.
Rbxc1 f5 16. f3 c6 17. b4 axb4 18. axb4 cxd5 19. Nxd5 Be6 20. Rfe1 Bxd5 21.
cxd5 fxe4 22. fxe4 Bh6 23. Rc4 Qb6+ 24. Kh1 Qb5 25. Rc7 Ra3 26. h3 Qa6 27. Qc2
Ra1 28. Rxa1 Qxa1+ 29. Kh2 Be3 30. Rc8 Qg1+ 31. Kg3 Bf4+ 32. Nxf4 exf4+ 33. Kg4
Qe3 34. Rxf8+ Kxf8 35. Kg5 Qg3+ 36. Kf6 Qh4+ 37. Ke6 Qe7# 0-1